Most Popular A-Level Subjects - Statistics

General Stats
  • This quiz has been taken 38 times
  • The average score is 8 of 10
Answer Stats
Number of Entries Answer % Correct
89,730 Maths
100%
41,645 History
97%
61,130 Biology
93%
35,740 Physics
93%
53,435 Chemistry
87%
38,310 English Literature
77%
30,865 Economics
67%
63,490 Psychology
63%
33,260 Business Studies
53%
36,965 Sociology
37%
No matching quizzes found
Score Distribution
Percent of People with Each Score
Percentile by Number Answered
Your Score History
You have not taken this quiz